000 00913nam a2200217 a 4500
001 000276212
003 AM-YeHGA
005 20250618071821.0
008 031024s1970 ai 000 | arm d
040 _aAM-YeHGA
041 0 _aarm
100 1 _aԿզնունի, Անտոն
245 1 0 _aՕտարականը :
_b[Վեպ] /
_cԱ. Կզնունի; Առաջաբ.՝ Ա. Լուսենց; Խմբ.՝ Գ. Բալասանյան; Նկ.՝ Ա. Մամաջանյան.
260 _aԵրևան :
_bՀայաստան,
_c1970.
300 _aՀ. ;
_c22 սմ.
505 0 _gՀ. 1. (1970, 622 էջ, դիմանկ.)
_gՀ. 2. (1977, Սովետական գրող, 509 էջ)
650 1 4 _aՀայ գրականություն
_xՎեպ
700 1 _aԲալասանյան, Գրիգոր Գրիգորի,
_d1919-2003
_eխմբ.
_4edt
_91913
700 1 _aՄամաջանյան, Աշոտ Պետրոսի,
_d1908-1994
_eնկ.
_4art
_91426
090 _c101954
999 _c100638
_d100638